000 00451nam a2200181Ia 4500
001 11012
005 20260306161914.0
008 260306t2021||||xx |||||||||||||| ||spa||
041 _aESP
082 _a985
_bU61
110 _aUniversidad Católica de Santa María
245 0 _aBicentenario nacional :
_bPerú al siglo XXI
260 _c2021
300 _a208 páginas :
_c25 cm.
650 _aGEN
654 _aCHU
942 _cLIB
_dJUS
_fJUS
_2ddc
_n
999 _c11012
_d11012